000 00706nam a2200229Ia 4500
005 20241129104231.0
008 241129s9999||||xx |||||||||||||| ||und||
020 _a9783030574871
037 _aTextual
040 _aRTL
_beng
_cRTL
041 _aeng
_2eng
084 _aU6715.2 R1
_qRTL
100 _aPandey Bindhy Wasini; Anand Subhash
_9725360
245 0 _aWater science and sustainability
_cPandey Bindhy Wasini; Anand Subhash
260 _aSwitzerland
_bSpringer
_c2021
300 _axiv 255p.
365 _aINR
_b12942.08
490 _aSustainable development goals
650 _aSustainable Water Management
_9725361
942 _cTB
_hU6715.2 R1
999 _c1224994
_d1224994